| 000 | 00559nam a22002057a 4500 | ||
|---|---|---|---|
| 003 | OSt | ||
| 005 | 20140310181711.0 | ||
| 008 | 121208t xxu||||| |||| 00| 0 eng d | ||
| 020 | _a9716300298 | ||
| 050 |
_bDS 676 _a.Qu4 1995 |
||
| 082 |
_aFIL 920 _bQ48 1995 |
||
| 100 | _aQuirino, Carlos | ||
| 245 |
_aManuel L. Quezon / _cCarlos Quirino. |
||
| 260 |
_aMakati City, Philippines : _bTahanan Books for Young Readers, _cc1995. |
||
| 300 |
_a31 p. : _bill. ; _c25 cm. |
||
| 650 | _aQuezon, Manuel | ||
| 942 |
_2lcc _cBK _kFIL |
||
| 999 |
_c1561 _d1561 |
||